<?xml version="1.0" encoding="UTF-8"?>
<record
    xmlns:xsi="http://www.w3.org/2001/XMLSchema-instance"
    xsi:schemaLocation="http://www.loc.gov/MARC21/slim http://www.loc.gov/standards/marcxml/schema/MARC21slim.xsd"
    xmlns="http://www.loc.gov/MARC21/slim">

  <leader>00278nam a22001097a 4500</leader>
  <controlfield tag="008">200225b2005    ck a|||| |||| 00| 0 spa d</controlfield>
  <datafield tag="020" ind1=" " ind2=" ">
    <subfield code="6">9789583039072</subfield>
  </datafield>
  <datafield tag="082" ind1="0" ind2="4">
    <subfield code="a">C</subfield>
    <subfield code="b">BATp</subfield>
  </datafield>
  <datafield tag="100" ind1="1" ind2=" ">
    <subfield code="a">Bataillard, Sandrine</subfield>
    <subfield code="e">autor</subfield>
    <subfield code="9">918</subfield>
  </datafield>
  <datafield tag="245" ind1=" " ind2=" ">
    <subfield code="a">Mandalas / </subfield>
    <subfield code="c">Sandrine Bataillard</subfield>
  </datafield>
  <datafield tag="942" ind1=" " ind2=" ">
    <subfield code="2">ddc</subfield>
  </datafield>
  <datafield tag="999" ind1=" " ind2=" ">
    <subfield code="c">6597</subfield>
    <subfield code="d">6597</subfield>
  </datafield>
  <datafield tag="952" ind1=" " ind2=" ">
    <subfield code="0">0</subfield>
    <subfield code="1">0</subfield>
    <subfield code="2">ddc</subfield>
    <subfield code="4">0</subfield>
    <subfield code="6">C_BATP</subfield>
    <subfield code="7">0</subfield>
    <subfield code="9">6644</subfield>
    <subfield code="a">CPL</subfield>
    <subfield code="b">CPL</subfield>
    <subfield code="d">2020-02-25</subfield>
    <subfield code="l">3</subfield>
    <subfield code="m">1</subfield>
    <subfield code="o">C BATp</subfield>
    <subfield code="p">201807012</subfield>
    <subfield code="r">2025-10-06 10:01:38</subfield>
    <subfield code="s">2025-10-06</subfield>
    <subfield code="t">Ej.1 </subfield>
    <subfield code="w">2020-02-25</subfield>
    <subfield code="y">BK</subfield>
  </datafield>
</record>
